000 00339 a2200157 4500
001 51435
020 _a
040 _cAnchieta - Pituba
100 _aLilian Noguerol
240 1 0 _a2ª Inglês, I unidade
_lpor
245 1 0 _a2ª Inglês, I unidade
300 _a4
362 0 _a2010
650 4 _aInglês e inglês antigo
942 _cBK
999 _c51435
_d51435